<?xml version="1.0" encoding="UTF-8"?>
<marc:record xmlns:marc="http://www.loc.gov/MARC21/slim">
   <marc:leader>00000nam a2200000 a 4500</marc:leader>
   <marc:datafield ind1="1" ind2=" " tag="100">
      <marc:subfield code="a">Hula, Saskia</marc:subfield>
      <marc:subfield code="4">aut</marc:subfield>
      <marc:subfield code="e">Verfasser/-in</marc:subfield>
   </marc:datafield>
   <marc:datafield ind1=" " ind2=" " tag="653">
      <marc:subfield code="a">Schulklasse</marc:subfield>
   </marc:datafield>
   <marc:datafield ind1=" " ind2=" " tag="653">
      <marc:subfield code="a">Mitschüler</marc:subfield>
   </marc:datafield>
   <marc:datafield ind1=" " ind2=" " tag="653">
      <marc:subfield code="a">Angeber</marc:subfield>
   </marc:datafield>
   <marc:datafield ind1=" " ind2=" " tag="653">
      <marc:subfield code="a">Kinderbuch</marc:subfield>
   </marc:datafield>
   <marc:datafield ind1="0" ind2="0" tag="245">
      <marc:subfield code="a">Attila - König der Angeber</marc:subfield>
   </marc:datafield>
   <marc:datafield ind1="0" ind2="0" tag="245">
      <marc:subfield code="c">Hula, Saskia</marc:subfield>
   </marc:datafield>
   <marc:datafield ind1=" " ind2="1" tag="264">
      <marc:subfield code="a">Innsbruck ; Wien</marc:subfield>
      <marc:subfield code="b">Obelisk-Verl.</marc:subfield>
      <marc:subfield code="c">2011</marc:subfield>
   </marc:datafield>
   <marc:datafield ind1="1" ind2=" " tag="520">
      <marc:subfield code="a">Dies ist die Geschichte von Attila, dem Angeber. Natürlich kommen in der Geschichte noch viele andere Leute vor. Aber keiner von ihnen macht sich schon im ersten Satz wichtig. Keiner von ihnen muss unbedingt auf dem Buchumschlag stehen. Keiner, wirklich keiner drängt sich ständig vor  außer Attila, dieser Angeber!  Und auch jetzt  merkt ihr es?  reden wir dauernd nur von ihm. So ist das bei Angebern. Und dann ist Attila ja nicht nur irgendein kleiner, mieser Angeber. Er ist ein besonders großer und gewaltiger Angeber! Vielleicht einer der größten Angeber auf der Welt! Wenn nicht der allergrößte. Der König der Angeber! So beginnt die Geschichte von Attila, dem Angeber. Und ausgerechnet dieser Attila ist der neue Schüler in Leos Klasse! Das kann nicht gut gehen. Alles Rodscha in Kambodscha?, sagt Attila großspurig, als er sich auf den Platz neben Leo fallen lässt, und gleich darauf: Mach mal ein bisschen Platz! Dann knallt er eine riesige Schreibunterlage auf den Tisch und ein dreistöckiges Federpennal. Silber und schwarz, mit Star Wars drauf  Und damit beginnt Attilas Show: Alles bei ihm ist größer und toller, er schleimt sich sogar bei Leos bester Freundin Nina ein! Eine Geburtstagsparty will er für sie geben, mit Diskokugeln und so ... Immer schwerer fällt es Leo, nett zu Attila zu sein. Merkt denn Nina wirklich nicht, was für ein mieser Angeber Attila ist? Und ist Leo für sie auf einmal gar nicht mehr wichtig? (Verlagstext)</marc:subfield>
   </marc:datafield>
   <marc:datafield ind1=" " ind2=" " tag="020">
      <marc:subfield code="a">9783851976298</marc:subfield>
      <marc:subfield code="9">9783851976298</marc:subfield>
   </marc:datafield>
   <marc:datafield ind1=" " ind2=" " tag="020">
      <marc:subfield code="a">3851976290</marc:subfield>
      <marc:subfield code="9">3851976290</marc:subfield>
   </marc:datafield>
   <marc:datafield ind1=" " ind2=" " tag="041">
      <marc:subfield code="a">ger</marc:subfield>
   </marc:datafield>
   <marc:datafield ind1=" " ind2=" " tag="338">
      <marc:subfield code="a">Band</marc:subfield>
   </marc:datafield>
   <marc:datafield ind1=" " ind2=" " tag="300">
      <marc:subfield code="a">78 S. : Ill.</marc:subfield>
   </marc:datafield>
</marc:record>
